The Confession of a Baptist Preacher / (Record no. 3210)
[ view plain ]
| 000 -LEADER | |
|---|---|
| fixed length control field | 00430nam a22001697a 4500 |
| 003 - CONTROL NUMBER IDENTIFIER | |
| control field | OSt |
| 005 - DATE AND TIME OF LATEST TRANSACTION | |
| control field | 20181030124849.0 |
| 008 - FIXED-LENGTH DATA ELEMENTS--GENERAL INFORMATION | |
| fixed length control field | 181030b ||||| |||| 00| 0 eng d |
| 020 ## - INTERNATIONAL STANDARD BOOK NUMBER | |
| International Standard Book Number | 0912631007 |
| 040 ## - CATALOGING SOURCE | |
| Transcribing agency | DLC |
| 082 ## - DEWEY DECIMAL CLASSIFICATION NUMBER | |
| Classification number | REF 248 |
| Item number | O85C |
| 100 ## - MAIN ENTRY--PERSONAL NAME | |
| Personal name | Osteen, John |
| 245 ## - TITLE STATEMENT | |
| Title | The Confession of a Baptist Preacher / |
| Statement of responsibility, etc. | By John Osteen. |
| 260 ## - PUBLICATION, DISTRIBUTION, ETC. | |
| Place of publication, distribution, etc. | Texas, USA : |
| Name of publisher, distributor, etc. | Tyndale House, |
| Date of publication, distribution, etc. | 1983. |
| 300 ## - PHYSICAL DESCRIPTION | |
| Extent | 110 p.: |
| 942 ## - ADDED ENTRY ELEMENTS (KOHA) | |
| Source of classification or shelving scheme | Dewey Decimal Classification |
| Koha item type | Reference |
| Withdrawn status | Lost status | Source of classification or shelving scheme | Damaged status | Not for loan | Home library | Current library | Date acquired | Total Checkouts | Full call number | Barcode | Date last seen | Price effective from | Koha item type |
|---|---|---|---|---|---|---|---|---|---|---|---|---|---|
| Dewey Decimal Classification | Harvest Mission College | Harvest Mission College | 30.10.2018 | 248 O85C | 003765 | 30.10.2018 | 30.10.2018 | Books |
